[Event "Russian Blitz Team Championship (w)"]
[Site "Sochi"]
[Date "2022.10.17"]
[Round "4.3"]
[White "Garifullina, Leya"]
[Black "Kovalevskaya, Ekaterina"]
[Result "1-0"]
[BlackElo "2254"]
[WhiteElo "2267"]
[LiveChessVersion "1.4.8"]

1. e4 {[%clk 0:03:02]} c5 {[%clk 0:03:03]} 2. Nf3 {[%clk 0:03:03]} Nc6
{[%clk 0:03:04]} 3. Bb5 {[%clk 0:03:02]} d6 {[%clk 0:03:03]} 4. O-O
{[%clk 0:03:01]} Bd7 {[%clk 0:03:04]} 5. Re1 {[%clk 0:03:01]} Nf6
{[%clk 0:03:04]} 6. c3 {[%clk 0:03:02]} a6 {[%clk 0:03:04]} 7. Bf1
{[%clk 0:03:02]} Bg4 {[%clk 0:03:03]} 8. h3 {[%clk 0:03:03]} Bxf3
{[%clk 0:03:03]} 9. Qxf3 {[%clk 0:03:03]} g6 {[%clk 0:03:03]} 10. d3
{[%clk 0:03:03]} Bg7 {[%clk 0:03:04]} 11. Be3 {[%clk 0:03:04]} O-O
{[%clk 0:03:04]} 12. Nd2 {[%clk 0:03:04]} b5 {[%clk 0:02:50]} 13. Qd1
{[%clk 0:02:35]} Nd7 {[%clk 0:02:42]} 14. Nf3 {[%clk 0:02:30]} b4
{[%clk 0:01:59]} 15. d4 {[%clk 0:01:58]} bxc3 {[%clk 0:01:51]} 16. bxc3
{[%clk 0:01:58]} Qa5 {[%clk 0:01:48]} 17. Qd3 {[%clk 0:01:50]} Rfc8
{[%clk 0:01:32]} 18. Nd2 {[%clk 0:01:45]} cxd4 {[%clk 0:01:28]} 19. cxd4
{[%clk 0:01:44]} Nb4 {[%clk 0:01:28]} 20. Qe2 {[%clk 0:00:19]} Nc2
{[%clk 0:01:27]} 21. Nc4 {[%clk 0:00:19]} Rxc4 {[%clk 0:01:02]} 22. Qxc4
{[%clk 0:00:19]} Nxe1 {[%clk 0:01:03]} 23. Qe2 {[%clk 0:00:15]} Nxg2
{[%clk 0:00:58]} 24. Bxg2 {[%clk 0:00:16]} Rc8 {[%clk 0:00:57]} 25. Rd1
{[%clk 0:00:17]} Qb5 {[%clk 0:00:52]} 26. Qg4 {[%clk 0:00:12]} h5
{[%clk 0:00:46]} 27. Qh4 {[%clk 0:00:12]} Bf6 {[%clk 0:00:43]} 28. Qg3
{[%clk 0:00:13]} Qe2 {[%clk 0:00:40]} 29. Bf3 {[%clk 0:00:12]} Qxa2
{[%clk 0:00:36]} 30. Bxh5 {[%clk 0:00:13]} Nf8 {[%clk 0:00:21]} 31. Bg4
{[%clk 0:00:13]} Rb8 {[%clk 0:00:22]} 32. e5 {[%clk 0:00:13]} Bg7
{[%clk 0:00:12]} 33. exd6 {[%clk 0:00:14]} exd6 {[%clk 0:00:12]} 34. Qxd6
{[%clk 0:00:14]} Rb1 {[%clk 0:00:14]} 35. Rxb1 {[%clk 0:00:15]} Qxb1+
{[%clk 0:00:15]} 36. Kg2 {[%clk 0:00:16]} a5 {[%clk 0:00:13]} 37. Bf3
{[%clk 0:00:14]} Qf5 {[%clk 0:00:12]} 38. Qc6 {[%clk 0:00:12]} Qd7
{[%clk 0:00:10]} 39. Qc5 {[%clk 0:00:12]} a4 {[%clk 0:00:10]} 40. Bc6
{[%clk 0:00:12]} Qc7 {[%clk 0:00:09]} 41. Bxa4 {[%clk 0:00:12]} Qb7+
{[%clk 0:00:09]} 42. Bc6 {[%clk 0:00:13]} Qc8 {[%clk 0:00:10]} 43. Bd5
{[%clk 0:00:13]} Qf5 {[%clk 0:00:10]} 44. Qc4 {[%clk 0:00:14]} Ne6
{[%clk 0:00:10]} 45. Bxe6 {[%clk 0:00:15]} fxe6 {[%clk 0:00:12]} 46. Qc6
{[%clk 0:00:16]} Kh7 {[%clk 0:00:12]} 47. Qf3 {[%clk 0:00:17]} Qb5
{[%clk 0:00:10]} 48. Qe4 {[%clk 0:00:18]} Qd7 {[%clk 0:00:08]} 49. h4
{[%clk 0:00:18]} Qf7 {[%clk 0:00:09]} 50. h5 {[%clk 0:00:19]} Qf5
{[%clk 0:00:10]} 51. Qxf5 {[%clk 0:00:14]} gxf5 {[%clk 0:00:11]} 52. Kf3
{[%clk 0:00:13]} Bf6 {[%clk 0:00:12]} 53. Ke2 {[%clk 0:00:12]} Kg7
{[%clk 0:00:08]} 54. Kd3 {[%clk 0:00:13]} Bh4 {[%clk 0:00:09]} 55. f3
{[%clk 0:00:14]} Kf6 {[%clk 0:00:09]} 56. Bf4 {[%clk 0:00:14]} Bg5
{[%clk 0:00:09]} 57. Be5+ {[%clk 0:00:10]} Kf7 {[%clk 0:00:09]} 58. Kc4
{[%clk 0:00:11]} Be7 {[%clk 0:00:08]} 59. Kb5 {[%clk 0:00:12]} Bg5
{[%clk 0:00:06]} 60. Kc6 {[%clk 0:00:13]} Be3 {[%clk 0:00:07]} 61. Kd7
{[%clk 0:00:14]} Bd2 {[%clk 0:00:08]} 62. f4 {[%clk 0:00:14]} Bb4 63. h6 Ke8+ 1-0

[Event "Russian Blitz Team Championship (w)"]
[Site "Sochi"]
[Date "2022.10.17"]
[Round "4.4"]
[White "Borisova, Ekaterina"]
[Black "Guseva, Marina"]
[Result "1/2-1/2"]
[BlackElo "2273"]
[WhiteElo "2134"]
[LiveChessVersion "1.4.8"]

1. d4 {[%clk 0:03:05]} d5 {[%clk 0:03:05]} 2. c4 {[%clk 0:03:05]} e6
{[%clk 0:03:06]} 3. Nf3 {[%clk 0:03:06]} a6 {[%clk 0:03:06]} 4. g3
{[%clk 0:03:04]} dxc4 {[%clk 0:03:01]} 5. Bg2 {[%clk 0:03:06]} Nc6
{[%clk 0:03:02]} 6. O-O {[%clk 0:03:05]} Rb8 {[%clk 0:03:03]} 7. Nc3
{[%clk 0:03:00]} Nf6 {[%clk 0:03:04]} 8. a4 {[%clk 0:02:32]} Be7 {[%clk 0:02:49]}
9. e4 {[%clk 0:02:24]} O-O {[%clk 0:02:47]} 10. d5 {[%clk 0:02:07]} exd5
{[%clk 0:02:48]} 11. e5 {[%clk 0:02:08]} Ng4 {[%clk 0:02:18]} 12. Qxd5
{[%clk 0:01:56]} Be6 {[%clk 0:02:09]} 13. Qe4 {[%clk 0:01:48]} Qd3
{[%clk 0:01:29]} 14. Bf4 {[%clk 0:01:28]} Bc5 {[%clk 0:00:53]} 15. h3
{[%clk 0:01:13]} Nxf2 {[%clk 0:00:36]} 16. Rxf2 {[%clk 0:01:12]} Bxf2+
{[%clk 0:00:36]} 17. Kxf2 {[%clk 0:01:12]} Nb4 {[%clk 0:00:35]} 18. Rd1
{[%clk 0:00:55]} Qxe4 {[%clk 0:00:35]} 19. Nxe4 {[%clk 0:00:57]} Nd3+
{[%clk 0:00:36]} 20. Ke3 {[%clk 0:00:50]} Nxb2 {[%clk 0:00:37]} 21. Ra1
{[%clk 0:00:49]} Rfd8 {[%clk 0:00:36]} 22. Nd4 {[%clk 0:00:39]} Bd5
{[%clk 0:00:31]} 23. Bg5 {[%clk 0:00:33]} Re8 {[%clk 0:00:32]} 24. Bf4
{[%clk 0:00:26]} c5 {[%clk 0:00:26]} 25. Nf5 {[%clk 0:00:19]} Nd3
{[%clk 0:00:21]} 26. Nfd6 {[%clk 0:00:18]} Red8 {[%clk 0:00:19]} 27. h4
{[%clk 0:00:10]} Kf8 {[%clk 0:00:19]} 28. h5 {[%clk 0:00:11]} f6 {[%clk 0:00:18]}
29. exf6 {[%clk 0:00:10]} gxf6 {[%clk 0:00:16]} 30. Nf5 {[%clk 0:00:07]} Nxf4
{[%clk 0:00:14]} 31. Kxf4 {[%clk 0:00:08]} Kf7 {[%clk 0:00:12]} 32. Bf3
{[%clk 0:00:09]} Bxe4 {[%clk 0:00:13]} 33. Bxe4 {[%clk 0:00:10]} Rd2
{[%clk 0:00:13]} 34. Rc1 {[%clk 0:00:11]} b5 {[%clk 0:00:13]} 35. axb5
{[%clk 0:00:05]} axb5 {[%clk 0:00:15]} 36. Ra1 {[%clk 0:00:06]} Rd7
{[%clk 0:00:14]} 37. Nh6+ {[%clk 0:00:04]} Kg7 {[%clk 0:00:15]} 38. Nf5+
{[%clk 0:00:05]} Kf7 {[%clk 0:00:17]} 39. Nh6+ {[%clk 0:00:06]} Kg7
{[%clk 0:00:16]} 40. Nf5+ {[%clk 0:00:07]} Kf7 {[%clk 0:00:18]} 41. Nh6+
{[%clk 0:00:08]} 1/2-1/2

[Event "Russian Blitz Team Championship (w)"]
[Site "Sochi"]
[Date "2022.10.17"]
[Round "4.5"]
[White "Kleymenova, Valeria"]
[Black "Shuvalova, Polina"]
[Result "0-1"]
[BlackElo "2392"]
[WhiteElo "2041"]
[LiveChessVersion "1.4.8"]

1. d4 {[%clk 0:03:02]} Nf6 {[%clk 0:03:03]} 2. c4 {[%clk 0:03:03]} e6
{[%clk 0:03:04]} 3. g3 {[%clk 0:03:04]} d5 {[%clk 0:03:01]} 4. Bg2
{[%clk 0:03:04]} Bb4+ {[%clk 0:03:00]} 5. Nd2 {[%clk 0:03:05]} O-O
{[%clk 0:02:58]} 6. Ngf3 {[%clk 0:02:48]} b6 {[%clk 0:02:59]} 7. cxd5
{[%clk 0:02:43]} exd5 {[%clk 0:02:59]} 8. O-O {[%clk 0:02:43]} Bb7
{[%clk 0:03:00]} 9. Ne5 {[%clk 0:02:43]} Nbd7 {[%clk 0:02:55]} 10. Qa4
{[%clk 0:02:41]} Bd6 {[%clk 0:02:42]} 11. Nxd7 {[%clk 0:02:36]} Nxd7
{[%clk 0:02:36]} 12. Nc4 {[%clk 0:02:30]} Be7 {[%clk 0:02:18]} 13. Bf4
{[%clk 0:02:22]} Re8 {[%clk 0:01:54]} 14. Rac1 {[%clk 0:02:13]} c6
{[%clk 0:01:41]} 15. Ne5 {[%clk 0:01:56]} Nxe5 {[%clk 0:01:42]} 16. Bxe5
{[%clk 0:01:57]} Bd6 {[%clk 0:01:40]} 17. Bxd6 {[%clk 0:01:52]} Qxd6
{[%clk 0:01:41]} 18. e3 {[%clk 0:01:51]} h5 {[%clk 0:01:34]} 19. h4
{[%clk 0:01:48]} g6 {[%clk 0:01:34]} 20. Rfd1 {[%clk 0:01:48]} Re7
{[%clk 0:01:31]} 21. Qc2 {[%clk 0:01:33]} Rc8 {[%clk 0:01:27]} 22. Qd3
{[%clk 0:01:22]} Rcc7 {[%clk 0:01:27]} 23. a3 {[%clk 0:01:17]} Bc8
{[%clk 0:01:20]} 24. b4 {[%clk 0:01:04]} Bf5 {[%clk 0:01:19]} 25. Qe2
{[%clk 0:00:41]} Be4 {[%clk 0:01:16]} 26. Bxe4 {[%clk 0:00:26]} Rxe4
{[%clk 0:01:17]} 27. Kg2 {[%clk 0:00:24]} Qe6 {[%clk 0:01:17]} 28. b5
{[%clk 0:00:13]} c5 {[%clk 0:01:11]} 29. dxc5 {[%clk 0:00:13]} bxc5
{[%clk 0:01:12]} 30. Qd3 {[%clk 0:00:09]} Re5 {[%clk 0:01:04]} 31. a4
{[%clk 0:00:07]} Qb6 {[%clk 0:00:30]} 32. Ra1 {[%clk 0:00:06]} Rd7
{[%clk 0:00:25]} 33. a5 Qb7 34. Kg1 {[%clk 0:00:05]} d4 {[%clk 0:00:27]} 35. Rab1
{[%clk 0:00:03]} Rf5 {[%clk 0:00:18]} 36. exd4 {[%clk 0:00:04]} Rxd4
{[%clk 0:00:18]} 37. Qe3 {[%clk 0:00:05]} Re4 {[%clk 0:00:17]} 38. Qd2
{[%clk 0:00:04]} Rd4 {[%clk 0:00:18]} 39. Qe3 {[%clk 0:00:06]} Re4
{[%clk 0:00:19]} 40. Qd2 {[%clk 0:00:07]} Re6 {[%clk 0:00:15]} 41. Qd3
{[%clk 0:00:04]} Qc7 {[%clk 0:00:15]} 42. Re1 {[%clk 0:00:05]} Rxe1+
{[%clk 0:00:12]} 43. Rxe1 {[%clk 0:00:07]} Qxa5 {[%clk 0:00:12]} 44. Re8+
{[%clk 0:00:08]} Kg7 {[%clk 0:00:10]} 45. Re7 {[%clk 0:00:04]} Qa1+
{[%clk 0:00:10]} 46. Kg2 {[%clk 0:00:05]} Rxf2+ {[%clk 0:00:06]} 47. Kxf2
{[%clk 0:00:05]} Qf6+ {[%clk 0:00:07]} 48. Kg2 {[%clk 0:00:03]} Qxe7
{[%clk 0:00:08]} 49. Qc3+ {[%clk 0:00:04]} Kh7 {[%clk 0:00:09]} 50. Qc4
{[%clk 0:00:05]} Qb7+ {[%clk 0:00:09]} 51. Kf2 {[%clk 0:00:05]} Qc7
{[%clk 0:00:08]} 52. Kg2 {[%clk 0:00:06]} Qe7 {[%clk 0:00:08]} 53. Kf2
{[%clk 0:00:04]} Kg8 {[%clk 0:00:09]} 54. Kg2 {[%clk 0:00:05]} Qe5
{[%clk 0:00:09]} 55. Qa4 {[%clk 0:00:05]} Qe2+ {[%clk 0:00:10]} 56. Kg1
{[%clk 0:00:04]} Qe3+ {[%clk 0:00:09]} 57. Kg2 {[%clk 0:00:05]} Qd2+
{[%clk 0:00:09]} 58. Kh3 {[%clk 0:00:06]} Qd7+ {[%clk 0:00:09]} 59. Kh2
{[%clk 0:00:07]} Qe7 {[%clk 0:00:09]} 60. Qc4 {[%clk 0:00:07]} Qd6
{[%clk 0:00:08]} 61. Qa4 {[%clk 0:00:08]} Qc7 {[%clk 0:00:09]} 62. Qc4
{[%clk 0:00:09]} Kf8 {[%clk 0:00:10]} 63. Qd5 {[%clk 0:00:10]} c4
{[%clk 0:00:09]} 64. Qd4 {[%clk 0:00:06]} Kg8 {[%clk 0:00:08]} 65. Qc3
{[%clk 0:00:05]} Qc5 {[%clk 0:00:08]} 66. Qa5 {[%clk 0:00:03]} c3
{[%clk 0:00:07]} 67. Qd8+ {[%clk 0:00:05]} Kg7 {[%clk 0:00:08]} 68. Qd1
{[%clk 0:00:03]} c2 {[%clk 0:00:08]} 69. Qa1+ {[%clk 0:00:04]} Kg8
{[%clk 0:00:09]} 70. Qc1 {[%clk 0:00:05]} Qc3 {[%clk 0:00:09]} 71. Kg2
{[%clk 0:00:04]} Qd3 {[%clk 0:00:10]} 72. Qe1 {[%clk 0:00:03]} Qd5+
{[%clk 0:00:10]} 73. Kh2 {[%clk 0:00:04]} Qc5 {[%clk 0:00:07]} 74. Qc1
{[%clk 0:00:05]} Qf2+ {[%clk 0:00:07]} 75. Kh3 {[%clk 0:00:04]} Qe2
{[%clk 0:00:07]} 76. Qa3 {[%clk 0:00:03]} Qf1+ {[%clk 0:00:07]} 77. Kh2
{[%clk 0:00:04]} 0-1

[Event "Russian Blitz Team Championship (w)"]
[Site "Sochi"]
[Date "2022.10.17"]
[Round "4.6"]
[White "Gunina, Valentina"]
[Black "Aleshina, Arina"]
[Result "1-0"]
[BlackElo "1705"]
[WhiteElo "2376"]
[LiveChessVersion "1.4.8"]

1. e4 {[%clk 0:03:02]} c5 {[%clk 0:03:04]} 2. Nf3 {[%clk 0:03:02]} e6
{[%clk 0:03:04]} 3. d4 {[%clk 0:03:01]} cxd4 {[%clk 0:03:04]} 4. Nxd4
{[%clk 0:03:01]} a6 {[%clk 0:03:05]} 5. c4 {[%clk 0:03:01]} Nc6 {[%clk 0:03:06]}
6. Nc3 {[%clk 0:03:01]} Qc7 {[%clk 0:03:06]} 7. Be2 {[%clk 0:03:01]} Nf6
{[%clk 0:03:05]} 8. O-O {[%clk 0:02:59]} Be7 {[%clk 0:03:00]} 9. Be3
{[%clk 0:02:58]} O-O {[%clk 0:03:00]} 10. Rc1 {[%clk 0:02:57]} d6
{[%clk 0:03:00]} 11. Nd5 {[%clk 0:02:47]} exd5 {[%clk 0:02:32]} 12. cxd5
{[%clk 0:02:47]} Bd7 {[%clk 0:02:33]} 13. dxc6 {[%clk 0:02:47]} bxc6
{[%clk 0:02:33]} 14. Bf3 {[%clk 0:02:48]} Rab8 {[%clk 0:02:28]} 15. b3
{[%clk 0:02:48]} c5 {[%clk 0:02:22]} 16. Ne2 {[%clk 0:02:48]} Bc6
{[%clk 0:02:21]} 17. Nc3 {[%clk 0:02:48]} Rfe8 {[%clk 0:02:12]} 18. Bf4
{[%clk 0:02:48]} Rbd8 {[%clk 0:02:05]} 19. Re1 {[%clk 0:02:48]} Bf8
{[%clk 0:02:03]} 20. Qd3 {[%clk 0:02:48]} Qb6 {[%clk 0:01:32]} 21. Bg5
{[%clk 0:02:21]} Be7 {[%clk 0:01:29]} 22. Rcd1 {[%clk 0:02:19]} h6
{[%clk 0:01:17]} 23. Bh4 {[%clk 0:02:18]} Bb7 {[%clk 0:01:09]} 24. h3
{[%clk 0:02:10]} Kh8 {[%clk 0:01:08]} 25. Na4 {[%clk 0:02:01]} Qc7
{[%clk 0:01:05]} 26. Nb2 {[%clk 0:02:01]} d5 {[%clk 0:00:41]} 27. exd5
{[%clk 0:01:47]} Nxd5 {[%clk 0:00:41]} 28. Bxe7 {[%clk 0:01:44]} Nxe7
{[%clk 0:00:40]} 29. Qc3 {[%clk 0:01:45]} Rxd1 {[%clk 0:00:39]} 30. Rxd1
{[%clk 0:01:45]} Bxf3 {[%clk 0:00:38]} 31. Qxf3 {[%clk 0:01:45]} Ng6
{[%clk 0:00:38]} 32. Rc1 {[%clk 0:01:40]} Qe5 {[%clk 0:00:33]} 33. Nd3
{[%clk 0:01:40]} Qd4 {[%clk 0:00:24]} 34. Qxf7 {[%clk 0:01:34]} Rd8
{[%clk 0:00:16]} 35. Qxg6 {[%clk 0:01:32]} Qxd3 {[%clk 0:00:17]} 36. Qxd3
{[%clk 0:01:32]} Rxd3 {[%clk 0:00:18]} 37. Rxc5 {[%clk 0:01:33]} Rd2
{[%clk 0:00:19]} 38. Ra5 {[%clk 0:01:33]} Rd6 {[%clk 0:00:20]} 39. f4
{[%clk 0:01:34]} Kg8 {[%clk 0:00:21]} 40. Kf2 {[%clk 0:01:35]} Kf7
{[%clk 0:00:22]} 41. Ke3 {[%clk 0:01:36]} Ke6 {[%clk 0:00:24]} 42. Ke4
{[%clk 0:01:37]} Rc6 {[%clk 0:00:24]} 43. g4 {[%clk 0:01:38]} Rd6
{[%clk 0:00:23]} 44. h4 {[%clk 0:01:40]} Rc6 {[%clk 0:00:22]} 45. h5
{[%clk 0:01:40]} Kf6 {[%clk 0:00:20]} 46. g5+ {[%clk 0:01:40]} hxg5
{[%clk 0:00:21]} 47. Rxg5 {[%clk 0:01:37]} Rc2 {[%clk 0:00:19]} 48. Rg6+
{[%clk 0:01:38]} 1-0

[Event "Russian Blitz Team Championship (w)"]
[Site "Sochi"]
[Date "2022.10.17"]
[Round "4.7"]
[White "Baranova, Elizaveta"]
[Black "Badelka, Olga"]
[Result "0-1"]
[BlackElo "2316"]
[WhiteElo "1846"]
[LiveChessVersion "1.4.8"]

1. e4 {[%clk 0:03:03]} e5 {[%clk 0:03:03]} 2. Nf3 {[%clk 0:03:03]} Nc6
{[%clk 0:03:04]} 3. Bb5 {[%clk 0:03:04]} Nf6 {[%clk 0:03:05]} 4. d3
{[%clk 0:03:02]} d6 {[%clk 0:03:05]} 5. O-O {[%clk 0:03:01]} a6 {[%clk 0:03:04]}
6. Ba4 {[%clk 0:03:01]} b5 {[%clk 0:03:05]} 7. Bb3 {[%clk 0:03:02]} Na5
{[%clk 0:03:07]} 8. c3 {[%clk 0:02:55]} Nxb3 {[%clk 0:03:07]} 9. Qxb3
{[%clk 0:02:45]} Be7 {[%clk 0:03:02]} 10. h3 {[%clk 0:02:43]} O-O
{[%clk 0:03:02]} 11. Be3 {[%clk 0:02:44]} c5 {[%clk 0:02:40]} 12. Nbd2
{[%clk 0:02:42]} Be6 {[%clk 0:02:29]} 13. Qc2 {[%clk 0:02:41]} Nh5
{[%clk 0:02:12]} 14. d4 {[%clk 0:02:15]} cxd4 {[%clk 0:02:09]} 15. cxd4
{[%clk 0:02:15]} Rc8 {[%clk 0:02:09]} 16. Qd3 {[%clk 0:02:02]} Nf4
{[%clk 0:02:09]} 17. Bxf4 {[%clk 0:01:56]} exf4 {[%clk 0:02:10]} 18. d5
{[%clk 0:01:52]} Bd7 {[%clk 0:02:11]} 19. Rac1 {[%clk 0:01:30]} Bf6
{[%clk 0:02:11]} 20. b3 {[%clk 0:01:29]} Qa5 {[%clk 0:01:50]} 21. Qb1
{[%clk 0:01:00]} Qa3 {[%clk 0:01:36]} 22. Rfe1 {[%clk 0:00:48]} h6
{[%clk 0:01:33]} 23. Kh2 {[%clk 0:00:36]} Bc3 {[%clk 0:01:05]} 24. Rc2
{[%clk 0:00:33]} Qa5 {[%clk 0:00:42]} 25. Rec1 {[%clk 0:00:31]} b4
{[%clk 0:00:44]} 26. Nc4 {[%clk 0:00:31]} Qc5 {[%clk 0:00:45]} 27. Rd1
{[%clk 0:00:20]} Bb5 {[%clk 0:00:45]} 28. e5 {[%clk 0:00:12]} Bxc4
{[%clk 0:00:45]} 29. bxc4 {[%clk 0:00:13]} dxe5 {[%clk 0:00:43]} 30. Re2
{[%clk 0:00:05]} Qxc4 {[%clk 0:00:30]} 31. Re4 {[%clk 0:00:06]} Qc5
{[%clk 0:00:27]} 32. Re2 {[%clk 0:00:06]} Rcd8 {[%clk 0:00:24]} 33. Qe4
{[%clk 0:00:07]} f5 {[%clk 0:00:22]} 34. Qc2 {[%clk 0:00:04]} e4 {[%clk 0:00:23]}
35. Ne1 {[%clk 0:00:04]} Kh8 {[%clk 0:00:18]} 36. Qc1 {[%clk 0:00:05]} Rxd5
{[%clk 0:00:16]} 37. Rxd5 {[%clk 0:00:05]} Qxd5 {[%clk 0:00:18]} 38. Qxf4
{[%clk 0:00:05]} Be5 {[%clk 0:00:19]} 0-1

[Event "Russian Blitz Team Championship (w)"]
[Site "Sochi"]
[Date "2022.10.17"]
[Round "4.8"]
[White "Charochkina, Daria"]
[Black "Volchkova, Alena"]
[Result "1-0"]
[BlackElo "1700"]
[WhiteElo "2282"]
[LiveChessVersion "1.4.8"]

1. d4 {[%clk 0:03:02]} Nf6 {[%clk 0:03:03]} 2. c4 {[%clk 0:03:02]} e6
{[%clk 0:03:04]} 3. Nc3 {[%clk 0:03:01]} Bb4 {[%clk 0:03:04]} 4. Qc2
{[%clk 0:02:55]} d5 {[%clk 0:03:01]} 5. cxd5 {[%clk 0:02:53]} exd5
{[%clk 0:03:01]} 6. Bg5 {[%clk 0:02:54]} h6 {[%clk 0:02:59]} 7. Bh4
{[%clk 0:02:55]} O-O {[%clk 0:02:54]} 8. e3 {[%clk 0:02:54]} c5 {[%clk 0:02:50]}
9. Nf3 {[%clk 0:02:45]} Nc6 {[%clk 0:02:47]} 10. dxc5 {[%clk 0:02:31]} d4
{[%clk 0:02:37]} 11. Nxd4 {[%clk 0:02:17]} Nxd4 {[%clk 0:02:36]} 12. exd4
{[%clk 0:02:18]} Qxd4 {[%clk 0:02:30]} 13. Bxf6 {[%clk 0:02:08]} Re8+
{[%clk 0:02:22]} 14. Be2 {[%clk 0:02:08]} Qxf6 {[%clk 0:02:21]} 15. O-O
{[%clk 0:02:00]} Bxc3 {[%clk 0:01:54]} 16. bxc3 {[%clk 0:01:59]} Bf5
{[%clk 0:01:43]} 17. Qb2 {[%clk 0:01:56]} Qc6 {[%clk 0:01:30]} 18. Bb5
{[%clk 0:01:48]} Qxc5 {[%clk 0:01:30]} 19. Bxe8 {[%clk 0:01:48]} Rxe8
{[%clk 0:01:31]} 20. Qb4 {[%clk 0:01:48]} Qc6 {[%clk 0:01:28]} 21. Rfe1
{[%clk 0:01:46]} Rc8 {[%clk 0:01:26]} 22. Re3 {[%clk 0:01:44]} b6
{[%clk 0:01:23]} 23. Rae1 {[%clk 0:01:43]} Be6 {[%clk 0:01:23]} 24. a3
{[%clk 0:01:40]} Qc5 {[%clk 0:01:06]} 25. Qf4 {[%clk 0:01:36]} Qxa3
{[%clk 0:01:02]} 26. Qd4 {[%clk 0:00:58]} Qc5 {[%clk 0:00:46]} 27. Qd2
{[%clk 0:00:59]} Qg5 {[%clk 0:00:40]} 28. Qd6 {[%clk 0:00:55]} Rd8
{[%clk 0:00:31]} 29. Qc7 {[%clk 0:00:52]} Rc8 {[%clk 0:00:29]} 30. Qxa7
{[%clk 0:00:50]} Bd5 {[%clk 0:00:22]} 31. Rg3 {[%clk 0:00:50]} Qd2
{[%clk 0:00:22]} 32. Qe7 {[%clk 0:00:25]} Rxc3 {[%clk 0:00:08]} 33. Qd8+
{[%clk 0:00:20]} Kh7 {[%clk 0:00:10]} 34. Rf1 {[%clk 0:00:21]} Rxg3 35. hxg3 Qd4
{[%clk 0:00:06]} 36. Qd6 {[%clk 0:00:12]} Qe4 {[%clk 0:00:07]} 37. f3
{[%clk 0:00:13]} Qe3+ {[%clk 0:00:05]} 38. Kh2 {[%clk 0:00:13]} Bc4
{[%clk 0:00:05]} 39. Rg1 {[%clk 0:00:10]} b5 {[%clk 0:00:05]} 40. Qf4
{[%clk 0:00:07]} Qe6 {[%clk 0:00:04]} 41. g4 {[%clk 0:00:07]} Qc6
{[%clk 0:00:04]} 42. Qf5+ {[%clk 0:00:07]} Qg6 {[%clk 0:00:05]} 43. Qe5
{[%clk 0:00:07]} Qc6 {[%clk 0:00:06]} 44. Rc1 {[%clk 0:00:07]} Qg6
{[%clk 0:00:04]} 45. Qf4 {[%clk 0:00:05]} Qd3 {[%clk 0:00:05]} 46. Qf5+
{[%clk 0:00:04]} Qxf5 {[%clk 0:00:05]} 47. gxf5 {[%clk 0:00:06]} g6
{[%clk 0:00:06]} 48. f6 {[%clk 0:00:07]} g5 49. g4 {[%clk 0:00:05]} Kg6
{[%clk 0:00:07]} 50. Kg3 {[%clk 0:00:06]} Kxf6 {[%clk 0:00:09]} 51. Rh1
{[%clk 0:00:07]} Kg6 {[%clk 0:00:10]} 52. Rb1 {[%clk 0:00:07]} Bd3
{[%clk 0:00:10]} 53. Rb4 {[%clk 0:00:08]} Bc4 {[%clk 0:00:11]} 54. Kf2
{[%clk 0:00:09]} Kf6 {[%clk 0:00:12]} 55. Ke3 {[%clk 0:00:10]} Ke5
{[%clk 0:00:14]} 56. Rb1 {[%clk 0:00:11]} Kd5 {[%clk 0:00:09]} 57. Rh1
{[%clk 0:00:11]} b4 {[%clk 0:00:09]} 58. Rxh6 {[%clk 0:00:11]} Kc5
{[%clk 0:00:05]} 59. Rh5 {[%clk 0:00:08]} f6 {[%clk 0:00:06]} 60. Rh6
{[%clk 0:00:09]} b3 {[%clk 0:00:08]} 61. Kd2 {[%clk 0:00:09]} Bd5
{[%clk 0:00:05]} 62. Rxf6 {[%clk 0:00:07]} Kb4 {[%clk 0:00:04]} 63. Rf5
{[%clk 0:00:08]} Bc4 {[%clk 0:00:04]} 64. Rf8 {[%clk 0:00:08]} Bb5
{[%clk 0:00:04]} 65. Rb8 {[%clk 0:00:08]} b2 {[%clk 0:00:04]} 66. Kc2
{[%clk 0:00:09]} Kc4 {[%clk 0:00:04]} 67. Kxb2 {[%clk 0:00:10]} Bc6
{[%clk 0:00:05]} 68. Rc8 {[%clk 0:00:10]} Kc5 {[%clk 0:00:06]} 69. Rf8
{[%clk 0:00:11]} Kd4 {[%clk 0:00:07]} 70. Rf6 {[%clk 0:00:09]} Bd5
{[%clk 0:00:06]} 71. Rf5 {[%clk 0:00:09]} Kc4 {[%clk 0:00:05]} 72. Rxg5
{[%clk 0:00:09]} Bxf3 {[%clk 0:00:07]} 73. Rg7 {[%clk 0:00:08]} Kd5
{[%clk 0:00:08]} 74. g5 {[%clk 0:00:09]} Ke5 {[%clk 0:00:10]} 75. Rf7
{[%clk 0:00:10]} Bh5 {[%clk 0:00:11]} 76. Rf6 {[%clk 0:00:10]} Be8
{[%clk 0:00:10]} 77. Kc3 {[%clk 0:00:11]} Bh5 {[%clk 0:00:11]} 78. Kd3
{[%clk 0:00:12]} Be8 {[%clk 0:00:12]} 79. Ke3 {[%clk 0:00:13]} Bh5
{[%clk 0:00:14]} 80. Kf2 {[%clk 0:00:14]} Be8 {[%clk 0:00:12]} 81. Kg3
{[%clk 0:00:16]} Bh5 {[%clk 0:00:13]} 82. Kh4 {[%clk 0:00:17]} Bd1
{[%clk 0:00:03]} 83. Kh5 {[%clk 0:00:18]} Bc2 {[%clk 0:00:04]} 84. Kg6
{[%clk 0:00:19]} Bb3 {[%clk 0:00:03]} 85. Kg7 {[%clk 0:00:19]} Bd5
{[%clk 0:00:04]} 86. Rf2 {[%clk 0:00:19]} Be6 {[%clk 0:00:05]} 87. g6
{[%clk 0:00:20]} Kd6 {[%clk 0:00:06]} 88. Re2 {[%clk 0:00:20]} 1-0

[Event "Russian Blitz Team Championship (w)"]
[Site "Sochi"]
[Date "2022.10.17"]
[Round "4.9"]
[White "Bodnaruk, Anastasia"]
[Black "Styazhkina, Anna"]
[Result "1-0"]
[BlackElo "2121"]
[WhiteElo "2332"]
[LiveChessVersion "1.4.8"]

1. e4 {[%clk 0:03:04]} e5 {[%clk 0:03:03]} 2. Nf3 {[%clk 0:03:04]} Nc6
{[%clk 0:03:04]} 3. Bb5 {[%clk 0:03:05]} a6 {[%clk 0:03:03]} 4. Ba4
{[%clk 0:03:06]} Nf6 {[%clk 0:03:03]} 5. O-O {[%clk 0:03:05]} Bc5
{[%clk 0:03:01]} 6. c3 {[%clk 0:02:55]} b5 {[%clk 0:03:02]} 7. Bb3
{[%clk 0:02:55]} d6 {[%clk 0:02:59]} 8. a4 {[%clk 0:02:49]} Rb8 {[%clk 0:02:57]}
9. d4 {[%clk 0:02:50]} Bb6 {[%clk 0:02:58]} 10. a5 {[%clk 0:02:40]} Ba7
{[%clk 0:02:59]} 11. h3 {[%clk 0:02:38]} h6 {[%clk 0:02:57]} 12. Re1
{[%clk 0:02:29]} O-O {[%clk 0:02:56]} 13. Be3 {[%clk 0:02:29]} Re8
{[%clk 0:02:48]} 14. dxe5 {[%clk 0:02:09]} dxe5 {[%clk 0:01:13]} 15. Qxd8
{[%clk 0:02:09]} Rxd8 {[%clk 0:01:13]} 16. Bxa7 {[%clk 0:02:09]} Nxa7
{[%clk 0:01:14]} 17. Nxe5 {[%clk 0:02:10]} Be6 {[%clk 0:01:15]} 18. Bxe6
{[%clk 0:01:54]} fxe6 {[%clk 0:01:16]} 19. Nf3 {[%clk 0:01:15]} b4
{[%clk 0:00:56]} 20. c4 {[%clk 0:01:09]} Nc6 {[%clk 0:00:44]} 21. Nbd2
{[%clk 0:01:09]} Nd4 {[%clk 0:00:44]} 22. Rac1 {[%clk 0:01:02]} b3
{[%clk 0:00:17]} 23. e5 {[%clk 0:00:42]} Nh7 {[%clk 0:00:11]} 24. Re3
{[%clk 0:00:26]} Nf8 {[%clk 0:00:06]} 25. Nxd4 {[%clk 0:00:25]} Rxd4
{[%clk 0:00:07]} 26. Rxb3 {[%clk 0:00:20]} Rbd8 {[%clk 0:00:04]} 27. Nf3
{[%clk 0:00:21]} Rd1+ {[%clk 0:00:05]} 28. Rxd1 {[%clk 0:00:22]} Rxd1+ 29. Kh2
Ra1 {[%clk 0:00:06]} 30. Rb7 {[%clk 0:00:18]} Rxa5 {[%clk 0:00:06]} 31. Rxc7
{[%clk 0:00:19]} Ra2 {[%clk 0:00:07]} 32. Rb7 {[%clk 0:00:15]} Ra4
{[%clk 0:00:05]} 33. b4 {[%clk 0:00:14]} Ng6 {[%clk 0:00:04]} 34. c5
{[%clk 0:00:15]} Ra2 {[%clk 0:00:04]} 35. c6 {[%clk 0:00:16]} Rc2
{[%clk 0:00:05]} 36. c7 {[%clk 0:00:17]} Kh7 {[%clk 0:00:07]} 37. Nd4
{[%clk 0:00:17]} Rc4 {[%clk 0:00:07]} 38. Nxe6 {[%clk 0:00:17]} Nxe5
{[%clk 0:00:08]} 39. Rb8 {[%clk 0:00:17]} 1-0